书目信息 |
| 题名: |
科学实验当尖兵
|
|
| 作者: | 本社编 | |
| 分册: | ||
| 出版信息: | 北京 农业出版社 1974 |
|
| 页数: | 74页 | |
| 开本: | 20cm | |
| 丛书名: | ||
| 单 册: | ||
| 中图分类: | F323.3 | |
| 科图分类: | ||
| 主题词: | 农业经济--中国 | |
| 电子资源: | ||
| ISBN: | ||
| 000 | 00451nam0 2200169 450 | |
| 001 | 0659565890 | |
| 005 | 20060811163356.65 | |
| 010 | @dCNY0.13 | |
| 100 | @a20060811d1974 km y0chiy0120 ea | |
| 101 | 0 | @achi |
| 200 | 1 | @a科学实验当尖兵@Ake xue shi yan dang jian bing@f本社编@Fben she bian |
| 210 | @a北京@c农业出版社@d1974 | |
| 215 | @a74页@d20cm | |
| 606 | 0 | @a农业经济@x中国 |
| 690 | @aF323.3@v3 | |
| 801 | 0 | @aCN@bPFT@c20060811 |
| 905 | @a10447@dF323.3@e58 | |
| 科学实验当尖兵/本社编.-北京:农业出版社,1974 |
| 74页;20cm |
| ISBN :CNY0.13 |
| ● |
| 相关链接 |
|
|
|
|
正题名:科学实验当尖兵
索取号:F323.3/58
 
预约/预借
| 序号 | 登录号 | 条形码 | 馆藏地/架位号 | 状态 | 备注 |
| 1 | 0448782 | 204487821 | 密集书库/ [索取号:F323.3/58] | 在馆 |